|
|
|
|
| LEADER |
01425cam a2200325 i 4500 |
| 001 |
4112273 |
| 003 |
GR-PaULI |
| 005 |
20230905122541.0 |
| 008 |
750710s1974 enk b 001 0 eng |
| 952 |
|
|
|0 0
|1 0
|2 ddc
|4 0
|6 301_449000000000000_309_38_VOG
|7 0
|9 361130
|a LISP
|b LISP
|c DON
|d 2022-06-10
|e ΠΑΤ
|i 253042
|l 0
|o 301.449 309 38 VOG
|p 025000285887
|r 2022-06-10 00:00:00
|t 1
|w 2022-06-10
|y BKN
|
| 999 |
|
|
|c 211030
|d 211030
|
| 010 |
|
|
|a 75318213
|
| 020 |
|
|
|a 0631153101
|c
|
| 040 |
|
|
|a DLC
|c GR-PaULI
|d
|b gre
|e AACR2
|
| 041 |
1 |
|
|a eng
|h ger
|
| 082 |
0 |
4 |
|a 301.449 309 38
|2 23
|
| 100 |
1 |
|
|a Vogt, Joseph,
|d 1895-1986
|9 192440
|e συγγραφέας.
|
| 240 |
1 |
0 |
|a Sklaverei und Humanität.
|l English
|
| 245 |
1 |
0 |
|a Ancient slavery and the ideal of man /
|c Joseph Vogt ; translated by Thomas Wiedemann.
|
| 260 |
|
|
|a Oxford :
|b B. Blackwell,
|c c1974.
|
| 300 |
|
|
|a x, 227 σ. ;
|c 22 εκ.
|
| 490 |
1 |
|
|a Blackwell's classical studies
|
| 500 |
|
|
|a Τίτλος πρωτοτύπου: Sklaverei und Humanität.
|
| 504 |
|
|
|a Περιλαμβάνει βιβλιογραφικές παραπομπές και ευρετήριο.
|
| 650 |
|
0 |
|a Δουλεία
|z Ελλάδα
|x Ιστορία
|y Μέχρι το 1500
|9 174199
|
| 650 |
|
4 |
|a Δουλεία
|z Ρώμη.
|9 62090
|
| 765 |
|
|
|i Μετάφραση του:
|t Sklaverei und Humanität.
|
| 830 |
|
0 |
|9 192441
|a Blackwell's classical studies
|
| 942 |
|
|
|2 ddc
|c BKN
|
| 998 |
|
|
|c ΜΠΟΥΡΑΣ
|d 2022-06
|